Normal view MARC view
  • Della Valle, Jared,

Entry Personal Name

Number of records used in: 1

001 - CONTROL NUMBER

  • control field: 120563

003 - CONTROL NUMBER IDENTIFIER

  • control field: NUST

005 - DATE AND TIME OF LATEST TRANSACTION

  • control field: 20240215124408.0

008 - FIXED-LENGTH DATA ELEMENTS

  • fixed length control field: 240215|| aca||aabn | a|a d

040 ## - CATALOGING SOURCE

  • Original cataloging agency: NUST
  • Transcribing agency: NUST

100 ## - HEADING--PERSONAL NAME

  • Personal name: Della Valle, Jared,
  • Dates associated with a name: 1971-

670 ## - SOURCE DATA FOUND

  • Source citation: Work cat.: (NUST): Bernheimer, Andrew, 1968- 120561, Think/make :, c2009.
© 2023 Central Library, National University of Sciences and Technology. All Rights Reserved.